000 00978cab a2200241 4500
001 ABS58172
008 090401t1997 xxu||||| |||| 00| 0 eng d
035 _a(Sirsi) u83049
041 _aeng
100 _aBurton, T.
245 _aHousing the nation: Protecting the countryside: Renewing the towns
260 _c1997
350 _a0
490 _aProperty Finance & Development
_v9(12) December 1997, 3-4(2)
520 _aAn Assistant Director (policy) for CPRE considers the debate over new housing, planning and urban renewal. Identifying key issues such as the projected number of new households, the capacity of urban areas to receive upwards of 60 per cent of required new housing, the need to overhaul the planning system`s way of providing land for new housing development.
650 _aHOUSEHOLD PROJECTIONS
650 _aNEW HOUSES
650 _aPLANNING PROCESS
650 _aURBAN RENEWAL
690 _aHOUSING
942 _n0
948 _c12/01/1998
999 _c52466
_d52466